<?xml version="1.0" encoding="UTF-8"?><?xml-stylesheet type="text/xsl" href="static/style.xsl"?><OAI-PMH xmlns="http://www.openarchives.org/OAI/2.0/" xmlns:xsi="http://www.w3.org/2001/XMLSchema-instance" xsi:schemaLocation="http://www.openarchives.org/OAI/2.0/ http://www.openarchives.org/OAI/2.0/OAI-PMH.xsd"><responseDate>2026-04-28T19:32:31Z</responseDate><request verb="GetRecord" identifier="oai:uvadoc.uva.es:10324/22232" metadataPrefix="marc">https://uvadoc.uva.es/oai/request</request><GetRecord><record><header><identifier>oai:uvadoc.uva.es:10324/22232</identifier><datestamp>2021-06-24T01:38:44Z</datestamp><setSpec>com_10324_30605</setSpec><setSpec>com_10324_894</setSpec><setSpec>col_10324_41</setSpec></header><metadata><record xmlns="http://www.loc.gov/MARC21/slim" xmlns:doc="http://www.lyncode.com/xoai" xmlns:xsi="http://www.w3.org/2001/XMLSchema-instance" xmlns:dcterms="http://purl.org/dc/terms/" xsi:schemaLocation="http://www.loc.gov/MARC21/slim http://www.loc.gov/standards/marcxml/schema/MARC21slim.xsd">
<leader>00925njm 22002777a 4500</leader>
<datafield tag="042" ind1=" " ind2=" ">
<subfield code="a">dc</subfield>
</datafield>
<datafield tag="720" ind1=" " ind2=" ">
<subfield code="a">Carabias Herrero, Manuel</subfield>
<subfield code="e">author</subfield>
</datafield>
<datafield tag="260" ind1=" " ind2=" ">
<subfield code="c">2016</subfield>
</datafield>
<datafield tag="520" ind1=" " ind2=" ">
<subfield code="a">Esta investigación tiene el objetivo de identificar el rol que tienen los centros integrados de formación profesional y los centros de referencia nacional en el procedimiento de acreditación de competencias profesionales adquiridas a través de vías no formales e informales de formación.&#xd;
A lo largo de esta investigación descriptiva se hace una revisión en profundidad de la bibliografía relativa al objeto de estudio y se identifican los parámetros a través de los cuales se estructura el desarrollo del procedimiento de acreditación de competencias profesionales a nivel europeo (principios y directrices europeas) y nacional (legislación). Estos parámetros son contrastados con los datos más actuales del procedimiento en España y con la información relativa a estos centros, recopilados a través de cuestionario y entrevistas.&#xd;
Los principales resultados de esta investigación muestran que estos centros cuentan con ciertas limitaciones para desarrollar el procedimiento como recurso educativo abierto.</subfield>
</datafield>
<datafield tag="024" ind2=" " ind1="8">
<subfield code="a">http://uvadoc.uva.es/handle/10324/22232</subfield>
</datafield>
<datafield tag="024" ind2=" " ind1="8">
<subfield code="a">b1749234</subfield>
</datafield>
<datafield tag="024" ind2=" " ind1="8">
<subfield code="a">10.35376/10324/22232</subfield>
</datafield>
<datafield ind1=" " ind2=" " tag="653">
<subfield code="a">Formación Profesional-España</subfield>
</datafield>
<datafield ind1=" " ind2=" " tag="653">
<subfield code="a">Educación basada en competencias</subfield>
</datafield>
<datafield tag="245" ind1="0" ind2="0">
<subfield code="a">Los centros de Formación Profesional en España y su rol en el proceso de validación de competencias</subfield>
</datafield>
</record></metadata></record></GetRecord></OAI-PMH>